[Event "Mittelrhein Verbandsliga-W 15/16"]
[Site "Nordrheinwestfalen"]
[Date "2016.01.31"]
[Round "7.8"]
[White "Nguyen, Tuan Anh2222"]
[Black "Sanen, Erwin"]
[Result "1/2-1/2"]
[WhiteElo "1673"]
[BlackElo "1761"]
[PlyCount "43"]
[EventDate "2015.09.06"]
[EventType "team-tourn"]
[EventRounds "11"]
[EventCountry "GER"]
[SourceTitle "EXT 2022"]
[Source "ChessBase"]
[SourceDate "2021.10.06"]
[SourceVersion "1"]
[SourceVersionDate "2021.10.06"]
[SourceQuality "1"]
[WhiteTeam "Eilendorf Arminia"]
[BlackTeam "Wuerselen II"]
[WhiteTeamCountry "GER"]
[BlackTeamCountry "GER"]

1. d4 d5 2. Nf3 Nf6 3. Bf4 c6 4. Nbd2 Nbd7 5. e3 e6 6. c3 Be7 7. Bd3 0-0 8. Qc2 b6 9. e4 Nh5 10. Be3 g6 11. g4 Nhf6 12. h3 dxe4 13. Nxe4 Qc7 14. 0-0-0 Bb7 15. Rhe1 c5 16. Nfd2 Rac8 17. Kb1 Rfd8 18. Nxf6+ Nxf6 19. dxc5 Bxc5 20. Bxc5 Qxc5 21. Nb3 Qc7 22. Nd4 1/2-1/2

[Event "Mittelrhein Verbandsliga-W 1112"]
[Site "Germany"]
[Date "2011.11.13"]
[Round "3.8"]
[White "Sanen, Erwin"]
[Black "Talic, Muharem"]
[Result "0-1"]
[WhiteElo "1567"]
[BlackElo "1652"]
[PlyCount "72"]
[EventDate "2011.09.18"]
[EventType "team-tourn"]
[EventRounds "11"]
[EventCountry "GER"]
[SourceTitle "EXT 2013"]
[Source "ChessBase"]
[SourceDate "2012.11.22"]
[SourceVersion "1"]
[SourceVersionDate "2012.11.22"]
[SourceQuality "1"]
[WhiteTeam "Wuerselen II"]
[BlackTeam "Brand SF"]
[WhiteTeamCountry "GER"]
[BlackTeamCountry "GER"]

1. d4 d5 2. c4 dxc4 3. Nf3 c6 4. a4 Nf6 5. e3 Be6 6. Qc2 g6 7. Bxc4 Bxc4 8. Qxc4 Bg7 9. Nc3 Nbd7 10. a5 0-0 11. 0-0 e6 12. Bd2 a6 13. Rfd1 h6 14. Na4 Nd5 15. Rab1 Re8 16. b4 Kh7 17. Nc5 Qc8 18. Rbc1 Nc7 19. Nxd7 Qxd7 20. Ne5 Qe7 21. Nd3 Rad8 22. Nc5 Nb5 23. Bc3 Nd6 24. Qe2 Nb5 25. Be1 Rd5 26. Nxa6 bxa6 27. Rxc6 Qb7 28. Rdc1 Bf8 29. Rb6 Qa7 30. Rcc6 Nc7 31. Qc4 Rd7 32. Bc3 Ree7 33. d5 Nxd5 34. Bd4 Nxb6 35. Rxb6 Rc7 36. Qf1 Qa8 0-1

[Event "Maastricht Limburg op-B 5th"]
[Site "Maastricht"]
[Date "2011.06.10"]
[Round "1"]
[White "Marinc, Damir"]
[Black "Sanen, Erwin"]
[Result "1-0"]
[WhiteElo "2049"]
[BlackElo "1867"]
[PlyCount "103"]
[EventDate "2011.06.10"]
[EventType "swiss"]
[EventRounds "7"]
[EventCountry "NED"]
[SourceTitle "EXT 2012"]
[Source "ChessBase"]
[SourceDate "2011.11.24"]
[SourceVersion "1"]
[SourceVersionDate "2011.11.24"]
[SourceQuality "1"]

1. d4 d5 2. Nf3 Nf6 3. Bg5 Nbd7 4. Nbd2 g6 5. e3 Bg7 6. c4 c6 7. Bd3 0-0 8. 0-0 Re8 9. cxd5 cxd5 10. Qc2 e5 11. dxe5 Nxe5 12. Nxe5 Rxe5 13. Nf3 Re7 14. Qa4 Rc7 15. Qf4 Be6 16. Rad1 Rd7 17. Bb5 Rd6 18. e4 Nh5 19. Bxd8 Nxf4 20. Bc7 Rb6 21. Bxb6 axb6 22. exd5 Bxd5 23. a4 Bxb2 24. Rd2 Bc3 25. Rc2 Bb4 26. Rfc1 Bc5 27. Rd2 Kf8 28. Rcd1 Nh3+ 29. Kf1 Bxf3 30. gxf3 Ng5 31. Rd8+ Rxd8 32. Rxd8+ Ke7 33. Rd7+ Kf6 34. Bc4 Ne6 35. Rxb7 Nd8 36. Rc7 Be7 37. Kg2 h6 38. Rc8 Ke5 39. Rb8 Kd4 40. Bxf7 Nxf7 41. Rb7 Bc5 42. Rxf7 Ke5 43. f4+ Ke6 44. Rh7 h5 45. Kf3 Bd4 46. Rc7 Kd6 47. Rc8 Ke6 48. Rc6+ Kf7 49. Rc4 Bf6 50. Ke4 Bh4 51. Rc2 Bf6 52. Rc6 1-0